Kirby’s Return to Dreamland Worlds - Statistics

General Stats
  • This quiz has been taken 82 times
  • The average score is 6 of 7
Answer Stats
# World % Correct
1 Cookie Country
92%
7 Dangerous Dinner
89%
6 Egg Engines
87%
5 Nutty Noon
86%
3 Onion Ocean
83%
2 Raisin Ruins
83%
4 White Wafers
76%
No matching quizzes found
Score Distribution
Percent of People with Each Score
Percentile by Number Answered
Your Score History
You have not taken this quiz